000 00297nam a2200133Ia 4500
008 190216s9999||||xx |||||||||||||| ||und||
100 _aDange.Mn
245 0 _aValuation Of Immovable Properties
250 _a1st Ed.
260 _bNull
_c1973
300 _a264
650 _aEconomics
942 _cBK
999 _c9460
_d9460